<?xml version="1.0" encoding="UTF-8"?>
<collection xmlns="http://www.loc.gov/MARC21/slim">
 <record>
  <leader>00709nam a22001575a 4500</leader>
  <controlfield tag="001">EUN.um054191</controlfield>
  <controlfield tag="003">AR-BaUNS</controlfield>
  <controlfield tag="005">20050623122919.0</controlfield>
  <controlfield tag="008">041125s1982####ag#a##########000#0#spa#d</controlfield>
  <datafield tag="245" ind1="1" ind2="0">
   <subfield code="a">Tandil /</subfield>
   <subfield code="c">Universidad nacional del Centro. Secretaría académica. Dirección de extensión universitaria. Departamento de publicaciones.</subfield>
  </datafield>
  <datafield tag="260" ind1=" " ind2=" ">
   <subfield code="a">Tandil :</subfield>
   <subfield code="b">Universidad nacional del Centro,</subfield>
   <subfield code="c">1982.</subfield>
  </datafield>
  <datafield tag="300" ind1=" " ind2=" ">
   <subfield code="a">139 p. :</subfield>
   <subfield code="b">ilus. ;</subfield>
   <subfield code="c">20,5 cm. .</subfield>
  </datafield>
  <datafield tag="490" ind1="0" ind2=" ">
   <subfield code="a">Estudios regionales, 1</subfield>
  </datafield>
  <datafield tag="082" ind1="0" ind2="4">
   <subfield code="a">982.1</subfield>
  </datafield>
  <datafield tag="110" ind1="2" ind2=" ">
   <subfield code="a">Universidad nacional del Centro. Secretaría académica. Dirección de extensión universitaria. Departamento de publicaciones</subfield>
   <subfield code="c">Tandil.</subfield>
  </datafield>
  <datafield tag="859" ind1=" " ind2=" ">
   <subfield code="a">Ar-BaUNS</subfield>
   <subfield code="b">BIB. CENTRAL - Sector C</subfield>
   <subfield code="h">982.1</subfield>
   <subfield code="i">T154-1</subfield>
   <subfield code="p">90205/983</subfield>
  </datafield>
 </record>
</collection>
